000
002530000a22000970004500
100
1
_a
Cabrera Leiva, Guillermo
245
1
0
_a
El hombre como criatura de Dios
300
_a
Vol. 1, Núm 3 (1989), Páginas 28
773
0
_t
Impacto Presbiteriano
942
_c
ANA
999
_c
50830
_d
50830